Filosofa̕ de la educacin̤ Apuntes de su l︢timo seminario de doctorado /

Bibliographic Details
Main Author: Hoyos Vs̀quez, Guillermo
Format: eBook
Language:Spanish
Published: Bogot:̀ Siglo del Hombre Editores, 2013
Subjects:
Online Access:Acceso restringido

MARC

LEADER 00000nam a22000007a 4500
005 20210430204926.0
007 cr|||| ||||
008 210430s2013 co |||||s|||| 00||0 spa d
020 |a 978-958-665-247-6 
035 |a 33204 
040 |a vLex 
090 |c 11572  |d 11572 
100 1 |a Hoyos Vs̀quez, Guillermo 
245 1 0 |a Filosofa̕ de la educacin̤  |h [Recurso electrn̤ico] :  |b Apuntes de su l︢timo seminario de doctorado /  |c Guillermo Hoyos Vs̀quez 
256 |a Servicio en ln̕ea 
260 |a Bogot:̀  |b Siglo del Hombre Editores,  |c 2013 
300 |a 1 recurso electrn̤ico 
500 |a -Sm̕bolo y testimonio de una academia sin imposturas, una ciudadana̕ solidaria y una comunicacin̤ de doble va̕, el profesor Guillermo Hoyos Vs̀quez no fue inferior al reto de pensar en un momento histr̤ico como el nuestro, en el que no solo han hecho crisis las certezas, sino adems̀ la confianza.(…) Creemos que los seminarios de Filosofa̕ de la Educacin̤ que dict ̤en la Universidad Tecnolg̤ica de Pereira nos revelan al profesor Hoyos en tiempo real. En estos no sl̤o expone lc︢idas ideas sino que se presenta tambiň como un pensador sin hipotecas.- Juliǹ Serna Arango. Coedicin̤ con la Universidad Tecnolg̤ica de Pereira. 
506 1 |a Disponible solo en los productos indicados  |d vLex Global  |d vLex Global (Academic Edition, excluding Law Schools)  |d vLex Global (U.S. Academic Edition, Law Schools)  |d vLex Global (U.S. Academic Edition, excluding Law Schools)  |d vLex Global (Academic Edition, Law Schools) 
650 0 4 |a Educacin̤  |z Colombia 
650 0 4 |a Filosofa̕ y religin̤  |z Colombia 
740 0 |a vLex Libros (Servicio en ln̕ea) 
856 4 0 |u https://vlex.com/source/filosofia-de-la-educacion-apuntes-de-su-ultimo-seminario-de-doctorado-33204  |z Acceso restringido 
942 |c BOOK 
999 0 |a Education 
999 0 |a Philosophy and religion